Indo-Fijian smallfarming : profiles of a peasantry /

Saved in:
Bibliographic Details
Main Author: Anderson, A. Grant (Allan Grant)
Format: Book
Language:English
Published: [Auckland] : [Wellington] : Auckland University Press ; Oxford University Press, 1974 [i.e. 1975].
Subjects:
LEADER 01164nam a2200313 a 4500
001 c000062943
003 CARM
005 00000000000000.0
008 760910s1975 nz abh b 00110 eng
015 |a NZ75-1 
019 1 |a 788451  |z 43016710  |5 LACONCORD2021 
020 |a 0196478057 :  |c $8.00 
035 |a (OCoLC)2015160  |5 LACONCORD2021 
040 |d XCC 
043 |a pofj--- 
050 0 0 |a HD1513.F35  |b A5 
082 1 |a 331.7/63/099611  |2 19 
100 1 |a Anderson, A. Grant  |q (Allan Grant) 
245 1 0 |a Indo-Fijian smallfarming :  |b profiles of a peasantry /  |c A.G. Anderson. 
260 |a [Auckland] :  |b Auckland University Press ;  |a [Wellington] :  |b Oxford University Press,  |c 1974 [i.e. 1975]. 
300 |a xii, 199 p. :  |b ill., facsims., maps ;  |c 26 cm. 
500 |a Includes index. 
504 |a Bibliography: p. 191-194. 
650 0 |a Peasantry  |z Fiji. 
650 0 |a Agriculture  |z Fiji. 
650 0 |a East Indians  |z Fiji. 
852 8 |b CARM  |h A2:AN18C0  |i D03979  |p 0183860  |f BK 
999 f f |i dda7e407-36d0-5cf8-8288-dbe3b4765031  |s fee05e42-688f-55be-924c-87cb768e785e 
952 f f |p Can circulate  |a CAVAL  |b CAVAL  |c CAVAL  |d CARM 1 Store  |e D03979  |f A2:AN18C0  |h Other scheme  |i book  |m 0183860